The Idea of Indian Literature: (Record no. 200952)

MARC details
000 -LEADER
fixed length control field 00567nam a22001817a 4500
005 - DATE AND TIME OF LATEST TRANSACTION
control field 20240313115302.0
010 ## - LCCN (DPL NO)
LC control number ENG-139402
020 ## - INTERNATIONAL STANDARD BOOK NUMBER
Terms of availability 695.00
International Standard Book Number 9788178246659
035 ## - SYSTEM CONTROL NUMBER
System control number EN-122934
037 ## - SOURCE OF ACQUISITION
Source of stock number/acquisition DBAD/PUB
082 ## - DEWEY DECIMAL CLASSIFICATION NUMBER
Classification number 880
100 ## - MAIN ENTRY--PERSONAL NAME
Personal name Mani,Preetha
245 ## - TITLE STATEMENT
Title The Idea of Indian Literature:
Remainder of title Gender,Genre and Comparative Method/
Statement of responsibility, etc By Preetha Mani
260 ## - PUBLICATION, DISTRIBUTION, ETC. (IMPRINT)
Place of publication, distribution, etc Ranikhet
Name of publisher, distributor, etc Permanent Black
Date of publication, distribution, etc 2022
270 ## - ADDRESS
Address "Himalayana", Mall Road, Ranikhet Cantt
City Ranikhet
Postal code 263645
300 ## - PHYSICAL DESCRIPTION
Extent 274p.
Dimensions 24.pb
942 ## - ADDED ENTRY ELEMENTS (KOHA)
Source of classification or shelving scheme Dewey Decimal Classification
Item type English Books
Call number suffix MAN
Classification part 880
Holdings
Withdrawn status Lost status Not for loan Collection code Home library Current library Date acquired Source of acquisition Cost, normal purchase price Full call number Barcode Copy number Cost, replacement price Koha item type
      Non-fiction Peshwa Road Peshwa Road 29/02/2024 DBAD/PUB 695.00 MAN 880 EN-122934 1 695.00 English Books

© Delhi Public Library
Hit Counter
free hit counter